A course in modern linguistics

Збережено в:
Бібліографічні деталі
Автор: Hockett, Charles
Формат: Книга
Мова:Undetermined
Опубліковано: New York, Estados Unidos The Macmillan Company 1958
Предмети:
Теги: Додати тег
Немає тегів, Будьте першим, хто поставить тег для цього запису!

MARC

LEADER 00000nam a2200000Ia 4500
008 170316s9999 xx 000 0 und d
090 |a 410 H-17a 
100 |a Hockett, Charles 
245 2 |a A course in modern linguistics 
260 |a New York, Estados Unidos 
260 |b The Macmillan Company 
260 |c 1958 
300 |a 621 páginas 
650 |a LINGÜÍSTICA 
650 |a EN IDIOMA INGLÉS 
999 |c 18447  |d 18447 
040 |a cru BVZT 
942 |c 15 D  |h 410 H-17a  |2 z